|
|
|
|
| LEADER |
01080nam a22002652a 4500 |
| 001 |
000934995 |
| 003 |
CZ BrMZK |
| 005 |
20140901134340.0 |
| 007 |
ta |
| 008 |
090327s1959 xr a er|||||||||||cze d |
| 015 |
|
|
|a cnb000823055
|
| 040 |
|
|
|a ABA001
|b cze
|d ABA001
|
| 100 |
1 |
|
|a Bonč-Brujevič, Michail Aleksandrovič,
|d 1888-1940
|7 hka2014814984
|4 aut
|
| 245 |
1 |
0 |
|a Použití elektronek v experimentální fyzice /
|c Aleksej Michajlovič Bonč-Brujevič ; přeložil Jaromír Budějický
|
| 250 |
|
|
|a 1. vyd.
|
| 260 |
|
|
|a Praha :
|b Státní nakladatelství technické literatury,
|c 1959
|
| 300 |
|
|
|a 505 s. :
|b il.
|
| 504 |
|
|
|a Obsahuje bibliografii
|
| 500 |
|
|
|a Dostupné též v digitální podobě v aplikaci Kramerius
|
| 700 |
1 |
|
|a Budějický, Jaromír,
|d 1919-
|7 jk01020127
|4 trl
|
| 856 |
4 |
1 |
|u http://www.digitalniknihovna.cz/mzk/uuid/uuid:0915b870-fbbc-11e5-8a18-005056827e52
|y Digitalizovaný dokument
|x NDK
|
| 910 |
|
|
|a BOA001
|b 2-0426.524
|
| 990 |
|
|
|a BK
|
| 991 |
|
|
|b 200903
|
| 996 |
6 |
|
|b 2619256785
|c 2-0426.524
|l MZK
|r Sklad / do 24 hodin
|n 0
|w 000934995
|u 000010
|a 1
|e BOA001
|j MZK50
|s P
|